[Event "CAMPEONATO CONTINENTAL ABSOLUT"]
[Site "Hotel Torre de Cali, Cali, Co"]
[Date "2007.07.13"]
[Round "4.2"]
[White "GM Spraggett, Kevin"]
[Black "GM Vescovi, Geovanni"]
[Result "1/2-1/2"]
[WhiteElo "2585"]
[BlackElo "2609"]
[PlyCount "103"]
[EventDate "2007.07.10"]

1. Nf3 Nf6 2. c4 e6 3. g3 d5 4. Bg2 Be7 5. O-O O-O 6. d4 c5 7. cxd5 exd5 8. Nc3
Nc6 9. Bg5 h6 10. Bxf6 Bxf6 11. dxc5 Be6 12. Rc1 Qa5 13. Nxd5 Bxb2 14. Rb1 Qxa2
15. e4 Qa3 16. Qd2 Be5 17. Rxb7 Rab8 18. Nxe5 Nxe5 19. Rc7 a5 20. Qc1 Qb3 21.
c6 a4 22. Ra7 Ra8 23. Rb7 Qd3 24. Nb6 Ra6 25. c7 Qb5 26. Rb8 Rxb6 27. Rxf8+
Kxf8 28. c8=Q+ Bxc8 29. Qxc8+ Ke7 30. Qc7+ Nd7 31. Rd1 Rb7 32. Qd6+ Ke8 33. e5
Rb6 34. Qc7 Re6 35. Bh3 a3 36. Bxe6 fxe6 37. Qd6 Nf8 38. Qc7 Nd7 39. Qd6 Nc5
40. Qd8+ Kf7 41. Qc7+ Kg6 42. Qa7 Qe2 43. Rf1 a2 44. Ra1 Na6 45. Qd4 Qc2 46.
Kg2 Qb1 47. Qg4+ Kh7 48. Qd1 Qb7+ 49. Kh3 Qb2 50. Qd3+ Kh8 51. Qd8+ Kh7 52. Qd1
1/2-1/2

[Event "CAMPEONATO CONTINENTAL ABSOLUT"]
[Site "Hotel Torre de Cali, Cali, Co"]
[Date "2007.07.13"]
[Round "4.4"]
[White "Zapata, Alonso"]
[Black "Ehlvest, Jaan"]
[Result "1/2-1/2"]
[WhiteElo "2504"]
[BlackElo "2629"]
[PlyCount "23"]
[EventDate "2007.07.10"]

1. e4 c5 2. Nf3 d6 3. d4 cxd4 4. Nxd4 Nf6 5. Nc3 a6 6. Bc4 e6 7. O-O Be7 8. Bb3
O-O 9. Qf3 Nbd7 10. Qg3 Nh5 11. Qf3 Nhf6 12. Qg3 1/2-1/2

[Event "CAMPEONATO CONTINENTAL ABSOLUT"]
[Site "Hotel Torre de Cali, Cali, Co"]
[Date "2007.07.13"]
[Round "4.6"]
[White "Leon Hoyos, Manuel"]
[Black "Felgaer, Ruben"]
[Result "1/2-1/2"]
[WhiteElo "2484"]
[BlackElo "2559"]
[PlyCount "41"]
[EventDate "2007.07.10"]

1. e4 c5 2. Nf3 Nc6 3. d4 cxd4 4. Nxd4 Nf6 5. Nc3 e5 6. Ndb5 d6 7. Bg5 a6 8.
Na3 b5 9. Nd5 Be7 10. Bxf6 Bxf6 11. c4 b4 12. Nc2 O-O 13. g3 Rb8 14. h4 b3 15.
axb3 Rxb3 16. Ra3 a5 17. Bg2 Be6 18. O-O Bxd5 19. cxd5 Nb4 20. Nxb4 Rxb4 21.
Qa1 1/2-1/2

[Event "CAMPEONATO CONTINENTAL ABSOLUT"]
[Site "Hotel Torre de Cali, Cali, Co"]
[Date "2007.07.13"]
[Round "4.8"]
[White "Fier, Alexander"]
[Black "Prasca, Raphael"]
[Result "1/2-1/2"]
[WhiteElo "2527"]
[BlackElo "2426"]
[PlyCount "32"]
[EventDate "2007.07.10"]

1. e4 e6 2. d4 d5 3. Nc3 Bb4 4. e5 b6 5. a3 Bf8 6. Bb5+ c6 7. Ba4 a5 8. Nce2
Ba6 9. c3 Ne7 10. f4 h5 11. Nf3 g6 12. O-O Nf5 13. Rf2 Bxe2 14. Rxe2 b5 15. Bc2
a4 16. Be3 Nd7 1/2-1/2

[Event "CAMPEONATO CONTINENTAL ABSOLUT"]
[Site "Hotel Torre de Cali, Cali, Co"]
[Date "2007.07.13"]
[Round "4.9"]
[White "Zuluaga, Cesar"]
[Black "Gulko, Boris"]
[Result "0-1"]
[WhiteElo "2339"]
[BlackElo "2576"]
[PlyCount "74"]
[EventDate "2007.07.10"]

1. d4 e6 2. Nf3 c5 3. e3 Nf6 4. Bd3 b6 5. O-O Bb7 6. Nbd2 g6 7. b3 Bg7 8. Bb2
O-O 9. Qe2 cxd4 10. exd4 Nc6 11. a3 Re8 12. Rfe1 Rc8 13. Rad1 Qc7 14. c4 d5 15.
Rc1 dxc4 16. bxc4 Red8 17. Red1 Qf4 18. h3 Nh5 19. Nb3 Ne7 20. Ne5 Nf5 21. Bxf5
Qxf5 22. g4 Nf4 23. Qe3 Qe4 24. Qxe4 Bxe4 25. Kh2 Ne2 26. Ra1 Bc2 27. Rd2 Nxd4
28. Nxd4 Bxe5+ 29. Kg1 Rxc4 30. Nf3 Rxd2 31. Nxe5 Rc7 32. Nf3 Rd1+ 33. Rxd1
Bxd1 34. Ng5 Rc4 35. f3 Bc2 36. h4 h6 37. Nh3 Bd1 0-1

[Event "CAMPEONATO CONTINENTAL ABSOLUT"]
[Site "Hotel Torre de Cali, Cali, Co"]
[Date "2007.07.13"]
[Round "4.10"]
[White "Peralta, Fernando"]
[Black "Lopez, Mario Iver"]
[Result "1-0"]
[WhiteElo "2546"]
[BlackElo "2345"]
[PlyCount "97"]
[EventDate "2007.07.10"]

1. d4 Nf6 2. c4 g6 3. Nc3 Bg7 4. e4 d6 5. Nf3 O-O 6. Be2 e5 7. O-O Nc6 8. d5
Ne7 9. b4 a5 10. Ba3 axb4 11. Bxb4 b6 12. a4 Ne8 13. Qb3 f5 14. a5 bxa5 15.
Rxa5 Rb8 16. Rb5 Rxb5 17. cxb5 h6 18. Nd2 fxe4 19. Ndxe4 Nf5 20. Bd3 Nd4 21.
Qb1 Bb7 22. Ng3 g5 23. f3 Nf6 24. Nge4 Kh8 25. Nxf6 Qxf6 26. Ba5 Qf7 27. Bg6
Qd7 28. Qd3 Ra8 29. Bb4 Bf8 30. Rc1 Be7 31. Qf1 Bd8 32. h3 Kg7 33. Bb1 Kg8 34.
Qd3 Qf7 35. b6 Bc8 36. Ne4 Ba6 37. Qd1 Ne2+ 38. Kh1 Nxc1 39. Qxc1 Bb7 40. bxc7
Bxc7 41. Bxd6 Bxd6 42. Nxd6 Qxd5 43. Qc7 e4 44. fxe4 Qd1+ 45. Kh2 Qxb1 46. Qf7+
Kh8 47. Qf6+ Kh7 48. Nf5 Qa1 49. e5 1-0

[Event "CAMPEONATO CONTINENTAL ABSOLUT"]
[Site "Hotel Torre de Cali, Cali, Co"]
[Date "2007.07.13"]
[Round "4.12"]
[White "Avalos Parra, Joao"]
[Black "Matsuura, Everaldo"]
[Result "1/2-1/2"]
[WhiteElo "2272"]
[BlackElo "2505"]
[PlyCount "39"]
[EventDate "2007.07.10"]

1. d4 Nf6 2. c4 g6 3. Nc3 Bg7 4. e4 d6 5. Nf3 O-O 6. Be2 Na6 7. O-O e5 8. Be3
Ng4 9. Bg5 Qe8 10. c5 exd4 11. Nd5 f6 12. Bxa6 bxa6 13. Nxc7 Qxe4 14. Qb3+ Kh8
15. Rae1 Qc6 16. Nxa8 fxg5 17. Re7 dxc5 18. Rxa7 Be6 19. Qb6 Bd5 20. Qxc6
1/2-1/2

[Event "CAMPEONATO CONTINENTAL ABSOLUT"]
[Site "Hotel Torre de Cali, Cali, Co"]
[Date "2007.07.13"]
[Round "4.13"]
[White "Quinones, Cesar"]
[Black "Cordova, Emilio"]
[Result "0-1"]
[WhiteElo "2268"]
[BlackElo "2492"]
[PlyCount "80"]
[EventDate "2007.07.10"]

1. e4 c5 2. Nf3 a6 3. Nc3 e6 4. d4 cxd4 5. Nxd4 Bc5 6. Nb3 Be7 7. Be3 d6 8. Qd2
Nd7 9. O-O-O b5 10. f3 Bb7 11. Qf2 Ngf6 12. Kb1 Ne5 13. Na5 Qb8 14. h3 O-O 15.
Bd3 Rc8 16. f4 Nxd3 17. cxd3 b4 18. Ne2 Bd8 19. Nxb7 Qxb7 20. Nd4 Nd7 21. Rhf1
a5 22. g4 Bf6 23. Rc1 Nc5 24. Qd2 Na4 25. g5 Nc3+ 26. Ka1 Bxd4 27. Bxd4 Nb5 28.
Be3 d5 29. f5 exf5 30. exf5 d4 31. Bf4 Qd5 32. f6 Nc3 33. bxc3 dxc3 34. Qe2 a4
35. Qe4 Qa5 36. g6 hxg6 37. Be5 b3 38. Kb1 c2+ 39. Ka1 Re8 40. Rce1 Rxe5 0-1

[Event "CAMPEONATO CONTINENTAL ABSOLUT"]
[Site "Hotel Torre de Cali, Cali, Co"]
[Date "2007.07.13"]
[Round "4.14"]
[White "Ossa, Orlando"]
[Black "Escobar Forero, Alder"]
[Result "0-1"]
[WhiteElo "2272"]
[BlackElo "2477"]
[PlyCount "111"]
[EventDate "2007.07.10"]

1. e4 c5 2. Nf3 e6 3. b4 cxb4 4. d4 Nf6 5. Bd3 d5 6. e5 Ne4 7. Qe2 Bd7 8. O-O
Bc6 9. Nfd2 Be7 10. Qg4 g6 11. Rd1 Nxd2 12. Nxd2 Qd7 13. Nf3 h6 14. Rb1 Bb5 15.
Bxb5 Qxb5 16. c3 Qa4 17. Bd2 bxc3 18. Bxc3 Nd7 19. Rdc1 Nb6 20. Bd2 Qd7 21. Qf4
Rc8 22. Bb4 Rxc1+ 23. Qxc1 Bxb4 24. Rxb4 Qc6 25. Qa3 a5 26. Rb3 Nc4 27. Qc1 b5
28. h4 b4 29. Ne1 Nxe5 30. Qf4 Nd7 31. Rf3 f6 32. Re3 Kf7 33. Nf3 Kg7 34. g4
Rf8 35. Kg2 Rf7 36. a3 Nb6 37. axb4 axb4 38. g5 hxg5 39. hxg5 Nc4 40. Rb3 Qa4
41. Rb1 fxg5 42. Qxg5 Qc2 43. Rh1 Qf5 44. Qh6+ Kf6 45. Rh3 Ke7 46. Qh4+ g5 47.
Nxg5 Rg7 48. Rg3 Kd7 49. Qh6 Rg8 50. f4 b3 51. Rxb3 Rxg5+ 52. fxg5 Qc2+ 53. Kh1
Qxb3 54. g6 Qf3+ 55. Kg1 Ne3 56. Qg5 0-1

[Event "CAMPEONATO CONTINENTAL ABSOLUT"]
[Site "Hotel Torre de Cali, Cali, Co"]
[Date "2007.07.13"]
[Round "4.15"]
[White "Lima, Darcy"]
[Black "La Rota, Fabio"]
[Result "1-0"]
[WhiteElo "2463"]
[BlackElo "2286"]
[PlyCount "69"]
[EventDate "2007.07.10"]

1. g3 d5 2. Bg2 e5 3. c4 c6 4. Nf3 e4 5. Nd4 Bc5 6. Nb3 Bb6 7. cxd5 cxd5 8. Nc3
f5 9. d3 Nf6 10. dxe4 dxe4 11. Qxd8+ Bxd8 12. f3 exf3 13. Bxf3 Nc6 14. Bf4 Ng4
15. Nb5 Kf7 16. Nd6+ Kf6 17. O-O Bb6+ 18. Kg2 Nge5 19. Nxc8 Raxc8 20. Bd5 Nb4
21. Bxb7 Rc2 22. Bd2 Rxd2 23. Nxd2 Nc2 24. Rxf5+ Ke6 25. Rxe5+ Kxe5 26. Nc4+
Kd4 27. Rc1 Ne3+ 28. Nxe3 Kxe3 29. Bf3 Rd8 30. b4 Rd7 31. a4 Rb7 32. Rc4 Bd4
33. b5 Rb6 34. Kh3 Bf6 35. Kg4 1-0

[Event "CAMPEONATO CONTINENTAL ABSOLUT"]
[Site "Hotel Torre de Cali, Cali, Co"]
[Date "2007.07.13"]
[Round "4.16"]
[White "Garcia, Gildardo"]
[Black "Cabrera Huaman, Andres"]
[Result "1-0"]
[WhiteElo "2435"]
[BlackElo "2268"]
[PlyCount "59"]
[EventDate "2007.07.10"]

1. e4 c5 2. Nf3 Nc6 3. d4 cxd4 4. Nxd4 Nf6 5. Nc3 e5 6. Ndb5 d6 7. Nd5 Nxd5 8.
exd5 Nb8 9. c4 a6 10. Nc3 Be7 11. Be3 O-O 12. Bd3 f5 13. f4 Nd7 14. O-O exf4
15. Bxf4 Qb6+ 16. Kh1 Qxb2 17. Na4 Qf6 18. c5 dxc5 19. d6 Bd8 20. Bg3 Qg5 21.
Qf3 Rb8 22. Rae1 b6 23. Qd5+ Kh8 24. Rxf5 Rxf5 25. Qxf5 Qxf5 26. Bxf5 g6 27.
Re8+ Kg7 28. Be6 b5 29. Rxd8 bxa4 30. h3 1-0

[Event "CAMPEONATO CONTINENTAL ABSOLUT"]
[Site "Hotel Torre de Cali, Cali, Co"]
[Date "2007.07.13"]
[Round "4.17"]
[White "Sequera, Jose"]
[Black "Cori, Jorge"]
[Result "0-1"]
[WhiteElo "2432"]
[BlackElo "2267"]
[PlyCount "98"]
[EventDate "2007.07.10"]

1. e4 e6 2. Nf3 d5 3. e5 c5 4. b4 b6 5. a3 Ba6 6. b5 Bb7 7. d4 Qc7 8. Bd3 a6 9.
Nc3 cxd4 10. Ne2 Nd7 11. Bf4 Ne7 12. O-O Ng6 13. Re1 Nxf4 14. Nxf4 Nc5 15. Nxd4
a5 16. Qh5 g6 17. Qg5 Be7 18. Qh6 O-O-O 19. Rab1 Bf8 20. Qg5 Be7 21. Qg4 Kb8
22. Nc6+ Bxc6 23. bxc6 Qxc6 24. Bb5 Qc7 25. Ne2 Rc8 26. Nd4 Qb7 27. Qe2 Ka7 28.
f3 Nd7 29. Rb3 Bc5 30. c3 Nb8 31. Kh1 Qc7 32. Bd3 Ka8 33. h3 Nc6 34. Nb5 Qd7
35. Reb1 Rb8 36. Bc2 Na7 37. c4 Rhd8 38. f4 Nxb5 39. Rxb5 d4 40. Be4+ Ka7 41.
Qc2 Qc7 42. R1b3 d3 43. Bxd3 g5 44. fxg5 Qxe5 45. Qc3 Qxc3 46. Rxc3 Rg8 47.
Bxh7 Rxg5 48. Rd3 f5 49. Rd7+ Rb7 0-1

[Event "CAMPEONATO CONTINENTAL ABSOLUT"]
[Site "Hotel Torre de Cali, Cali, Co"]
[Date "2007.07.13"]
[Round "4.18"]
[White "Mekhitarian, Krikor Sevag"]
[Black "Gallego, Andres"]
[Result "1-0"]
[WhiteElo "2420"]
[BlackElo "2235"]
[PlyCount "65"]
[EventDate "2007.07.10"]

1. e4 c5 2. Nf3 Nc6 3. d4 cxd4 4. Nxd4 Nf6 5. Nc3 d6 6. Bg5 e6 7. Qd2 a6 8.
O-O-O Bd7 9. f3 Be7 10. Be3 h5 11. Bd3 Rc8 12. h3 h4 13. f4 Qc7 14. Rhe1 Na5
15. Kb1 b5 16. Bg1 b4 17. Nce2 Qb7 18. Nc1 Rh5 19. f5 e5 20. Ndb3 Nc6 21. Qe2
Ra8 22. Nd2 Bd8 23. Nc4 Bc7 24. Qe3 Nd4 25. Nb3 Nxb3 26. axb3 Bc6 27. Be2 Rh7
28. Nxd6+ Bxd6 29. Rxd6 Bxe4 30. Bc4 Rd8 31. Bxa6 Bxc2+ 32. Kxc2 Qc7+ 33. Qc5
1-0

[Event "CAMPEONATO CONTINENTAL ABSOLUT"]
[Site "Hotel Torre de Cali, Cali, Co"]
[Date "2007.07.13"]
[Round "4.19"]
[White "Renteria, Jorge"]
[Black "Barrientos, Sergio"]
[Result "1-0"]
[WhiteElo "2252"]
[BlackElo "2417"]
[PlyCount "75"]
[EventDate "2007.07.10"]

1. e4 c5 2. Nf3 Nc6 3. d4 cxd4 4. Nxd4 Nf6 5. Nc3 e5 6. Ndb5 d6 7. Bg5 a6 8.
Na3 b5 9. Bxf6 gxf6 10. Nd5 Bg7 11. c3 f5 12. Bd3 Be6 13. O-O Bxd5 14. exd5 Ne7
15. Re1 O-O 16. Qh5 e4 17. Bf1 Rc8 18. Nc2 Re8 19. a4 Nxd5 20. Qxf5 Re5 21. Qg4
f5 22. Qd1 Nb6 23. axb5 axb5 24. Nd4 Rd5 25. Qb3 Bxd4 26. cxd4 Kh8 27. Ra7 Qg8
28. Bxb5 Rb8 29. Bc6 Rxd4 30. Qc3 Qc4 31. Qh3 Qg8 32. Qxf5 Qg6 33. Bxe4 Qxf5
34. Bxf5 Rh4 35. Ree7 Nd5 36. Rxh7+ Rxh7 37. Rxh7+ Kg8 38. Rd7 1-0

[Event "CAMPEONATO CONTINENTAL ABSOLUT"]
[Site "Hotel Torre de Cali, Cali, Co"]
[Date "2007.07.13"]
[Round "4.20"]
[White "Ramirez, Carlos"]
[Black "Iturrizaga, Eduardo"]
[Result "1-0"]
[WhiteElo "2241"]
[BlackElo "2411"]
[PlyCount "135"]
[EventDate "2007.07.10"]

1. d4 Nf6 2. Nf3 e6 3. c4 b6 4. g3 Bb4+ 5. Bd2 a5 6. Bg2 Bb7 7. O-O O-O 8. Nc3
d6 9. Rc1 Nbd7 10. Qc2 Qe7 11. Nh4 Bxg2 12. Nxg2 Rfc8 13. Bg5 c5 14. Qd3 Bxc3
15. Rxc3 h6 16. Bxf6 Qxf6 17. Rd1 cxd4 18. Qxd4 Qxd4 19. Rxd4 Rc6 20. Ne3 Rac8
21. Rcd3 Nc5 22. Rd1 Nb7 23. b3 Kf8 24. Kg2 Ke7 25. Rg4 g6 26. Rgd4 f5 27. h4
Nc5 28. f3 Na6 29. R4d2 Nb4 30. Kf2 Rd8 31. Kf1 Rc5 32. Kf2 Nc6 33. Rb1 Ne5 34.
Rbd1 Nf7 35. Rd4 Rdc8 36. g4 h5 37. gxf5 gxf5 38. R4d2 Rg8 39. Ng2 Rcc8 40. Nf4
Rg7 41. Nxh5 Rh7 42. Nf4 Rg8 43. Rh1 Ne5 44. Rdd1 a4 45. h5 Nc6 46. Rdg1 Rxg1
47. Rxg1 axb3 48. axb3 e5 49. Nd5+ Kf7 50. Rg5 f4 51. Nxb6 Nd4 52. b4 Kf6 53.
Rg6+ Kf7 54. Rxd6 Rxh5 55. Nd7 Ke7 56. Rd5 Rh2+ 57. Kg1 Rxe2 58. Nxe5 Ne6 59.
c5 Ng5 60. Nc6+ Kf6 61. Nd4 Rb2 62. b5 Nxf3+ 63. Nxf3 Rxb5 64. Nd4 Rb2 65. c6
Ke7 66. Rc5 Kd8 67. c7+ Kc8 68. Nb5 1-0

[Event "CAMPEONATO CONTINENTAL ABSOLUT"]
[Site "Hotel Torre de Cali, Cali, Co"]
[Date "2007.07.13"]
[Round "4.21"]
[White "Moreno, William"]
[Black "Diamant, Andre"]
[Result "0-1"]
[WhiteElo "2194"]
[BlackElo "2394"]
[PlyCount "62"]
[EventDate "2007.07.10"]

1. d4 Nf6 2. Nf3 e6 3. Bg5 h6 4. Bh4 b6 5. e3 Bb7 6. h3 d6 7. Bd3 g5 8. Bg3 Ne4
9. Bh2 h5 10. Bxe4 Bxe4 11. Nbd2 Bb7 12. e4 Bg7 13. c3 Nd7 14. Qe2 Qe7 15.
O-O-O O-O-O 16. Rhe1 g4 17. Ng1 e5 18. d5 f5 19. f3 Qg5 20. g3 fxe4 21. fxe4
Qg6 22. h4 Bh6 23. c4 c6 24. b3 Kb8 25. Kb2 Rc8 26. dxc6 Bxc6 27. Nb1 Nc5 28.
Nc3 Rhf8 29. Qg2 Rf7 30. b4 Na4+ 31. Nxa4 Bxa4 0-1

[Event "CAMPEONATO CONTINENTAL ABSOLUT"]
[Site "Hotel Torre de Cali, Cali, Co"]
[Date "2007.07.13"]
[Round "4.22"]
[White "Alzate, Dario"]
[Black "Condori, Edwin"]
[Result "1-0"]
[WhiteElo "2392"]
[BlackElo "2207"]
[PlyCount "58"]
[EventDate "2007.07.10"]

1. e4 c6 2. Nc3 d5 3. Nf3 Bg4 4. h3 Bxf3 5. Qxf3 Nf6 6. d3 e6 7. Be2 Nbd7 8.
Qg3 g6 9. O-O Bg7 10. Bf4 Kf8 11. Bc7 Qc8 12. Rae1 Kg8 13. Bf4 h5 14. h4 Kh7
15. Bc1 b5 16. a3 a5 17. Bd1 b4 18. Nb1 bxa3 19. Nxa3 Qb8 20. f4 Ng8 21. c3 Nh6
22. Qh3 f5 23. exf5 exf5 24. Re7 Nf6 25. Qe3 Re8 26. Rxe8 Qxe8 27. Nc2 Nfg4 28.
Qd2 Bf6 29. g3 Bd8 {ilegible} 1-0

[Event "CAMPEONATO CONTINENTAL ABSOLUT"]
[Site "Hotel Torre de Cali, Cali, Co"]
[Date "2007.07.13"]
[Round "4.23"]
[White "Capo Vidal, Uriel"]
[Black "Alvarez, Javier"]
[Result "1/2-1/2"]
[WhiteElo "2370"]
[BlackElo "2100"]
[PlyCount "93"]
[EventDate "2007.07.10"]

1. d4 Nf6 2. c4 g6 3. Nc3 Bg7 4. e4 d6 5. f4 O-O 6. Nf3 c5 7. dxc5 dxc5 8. Qxd8
Rxd8 9. e5 Ne8 10. Be3 b6 11. Be2 Bb7 12. Kf2 Nc6 13. Rhd1 Nc7 14. Rd2 Ne6 15.
Rad1 Rxd2 16. Rxd2 Rd8 17. Rxd8+ Nexd8 18. Nd5 Ne6 19. g4 f6 20. exf6 exf6 21.
Bd3 Kf7 22. a3 Bf8 23. h4 Bd6 24. h5 Nf8 25. Nd2 Bc8 26. Ne4 Be7 27. Nxe7 Kxe7
28. g5 f5 29. hxg6 hxg6 30. Nc3 Be6 31. Nb5 Bf7 32. Be2 Kd7 33. b4 Ne6 34. Nc3
cxb4 35. axb4 Nxb4 36. Nb5 a6 37. Nd4 Nxd4 38. Bxd4 Kc7 39. Be5+ Kc6 40. Bd4
Kc7 41. Be5+ Kb7 42. Ke3 a5 43. Kd2 Na6 44. Bd6 Kc6 45. Ba3 Nc7 46. Kc3 Ne8 47.
Kd4 1/2-1/2

[Event "CAMPEONATO CONTINENTAL ABSOLUT"]
[Site "Hotel Torre de Cali, Cali, Co"]
[Date "2007.07.13"]
[Round "4.24"]
[White "Guerrero, Juan Carlos"]
[Black "Uribe, Mauricio"]
[Result "0-1"]
[WhiteElo "2144"]
[BlackElo "2354"]
[PlyCount "74"]
[EventDate "2007.07.10"]

1. d4 e6 2. Nf3 Nf6 3. c4 Bb4+ 4. Bd2 c5 5. Bxb4 cxb4 6. g3 O-O 7. Bg2 d6 8.
O-O Qe7 9. Nbd2 a5 10. e4 e5 11. a3 Na6 12. d5 Bg4 13. axb4 Nxb4 14. Ra3 Qc7
15. h3 Bxf3 16. Bxf3 Qc5 17. Nb3 Qc7 18. Nd2 Qc5 19. Nb3 Qxc4 20. Nxa5 Qc5 21.
Nb3 Qb6 22. Nd2 Qd4 23. Qb3 Rxa3 24. bxa3 Nbxd5 25. exd5 Qxd2 26. Qxb7 Qd3 27.
Bg2 Qxa3 28. Rb1 h5 29. Qc7 e4 30. Qc1 Qd3 31. Qd1 Qc3 32. Qb3 Qe5 33. Re1 Ra8
34. Kh2 h4 35. Re2 g6 36. Qb4 Re8 37. Qb2 hxg3+ 0-1

[Event "CAMPEONATO CONTINENTAL ABSOLUT"]
[Site "Hotel Torre de Cali, Cali, Co"]
[Date "2007.07.13"]
[Round "4.25"]
[White "Hungaski, Robert Andrew"]
[Black "Garcia, Alvaro"]
[Result "1-0"]
[WhiteElo "2399"]
[BlackElo "2156"]
[PlyCount "67"]
[EventDate "2007.07.10"]

1. e4 e6 2. d4 d5 3. Nc3 Bb4 4. e5 c5 5. g3 Bxc3+ 6. bxc3 Ne7 7. Qg4 Qc7 8.
Qxg7 Rg8 9. Qxh7 cxd4 10. Ne2 Nbc6 11. f4 dxc3 12. Qd3 Bd7 13. Rb1 Rc8 14. h4
Nf5 15. h5 f6 16. exf6 Kf7 17. Rg1 Rg4 18. a3 Kxf6 19. Bh3 Rg7 20. g4 Rcg8 21.
g5+ Kf7 22. Bxf5 exf5 23. Qxd5+ Be6 24. g6+ Kf6 25. Qc5 Qa5 26. Rb5 Qa6 27.
Qxc3+ Ke7 28. a4 Kd8 29. Qf6+ Ne7 30. Re5 Bc4 31. Qxa6 Bxa6 32. Nd4 Nxg6 33.
Ne6+ Kd7 34. Nxg7 1-0

[Event "CAMPEONATO CONTINENTAL ABSOLUT"]
[Site "Hotel Torre de Cali, Cali, Co"]
[Date "2007.07.13"]
[Round "4.27"]
[White "Ripari, Marcelo"]
[Black "Valle, Efrain"]
[Result "1-0"]
[WhiteElo "2350"]
[BlackElo "2215"]
[PlyCount "108"]
[EventDate "2007.07.10"]

1. e4 e6 2. d4 d5 3. e5 Qd7 4. c3 b6 5. Nd2 Ba6 6. Bxa6 Nxa6 7. Ne2 O-O-O 8.
Nf3 Kb7 9. O-O c5 10. a4 Rc8 11. Nf4 Ne7 12. dxc5 bxc5 13. Qe2 c4 14. Be3 Nf5
15. b4 Be7 16. Nd4 Nxd4 17. Bxd4 g6 18. Qe3 Ka8 19. Ne2 h5 20. f4 Qb7 21. Kh1
Nb8 22. Ng1 Nc6 23. Nf3 Bd8 24. a5 Ne7 25. Qf2 Nf5 26. Rfb1 Rb8 27. Bc5 h4 28.
Kg1 Qd7 29. Nd4 Nxd4 30. Bxd4 Rb5 31. g4 h3 32. Kh1 Qb7 33. Rg1 Qc6 34. Raf1
Rb7 35. Qf3 Be7 36. Rg3 Bxb4 37. cxb4 Rxb4 38. Rxh3 Rhb8 39. Rh7 Rb3 40. Rxf7
Rc8 41. Rxa7+ Kb8 42. Qd1 Qb5 43. a6 Qa4 44. Rf3 Rc7 45. Rxc7 Kxc7 46. a7 Kb7
47. Rxb3+ cxb3 48. a8=Q+ Qxa8 49. Qxb3+ Kc8 50. Qc2+ Kd7 51. Qc5 Ke8 52. Qa7
Qc6 53. Bc5 d4+ 54. Kg1 Kd8 1-0

[Event "CAMPEONATO CONTINENTAL ABSOLUT"]
[Site "Hotel Torre de Cali, Cali, Co"]
[Date "2007.07.13"]
[Round "4.28"]
[White "Sanchez, Victor"]
[Black "Gutierrez, Jose Antonio"]
[Result "1-0"]
[WhiteElo "2232"]
[BlackElo "2283"]
[PlyCount "28"]
[EventDate "2007.07.10"]

1. e4 e6 2. Nf3 d5 3. e5 c5 4. b4 cxb4 5. a3 Nc6 6. axb4 Bxb4 7. c3 Be7 8. d4
f6 9. Bd3 Qc7 10. Bf4 h5 11. Bg3 g5 12. exf6 Bd6 13. f7+ Kxf7 14. Nxg5+ Ke8 {
ilegible} 1-0

[Event "CAMPEONATO CONTINENTAL ABSOLUT"]
[Site "Hotel Torre de Cali, Cali, Co"]
[Date "2007.07.13"]
[Round "4.29"]
[White "Ortiz, Nadya Karolina"]
[Black "Naranjo, Sebastian"]
[Result "0-1"]
[WhiteElo "2281"]
[BlackElo "2035"]
[PlyCount "84"]
[EventDate "2007.07.10"]

1. e4 e6 2. d4 d5 3. e5 c5 4. c3 Nc6 5. Nf3 Qb6 6. a3 c4 7. Nbd2 Na5 8. Rb1 Bd7
9. h4 h6 10. h5 O-O-O 11. g3 Ne7 12. Bh3 f5 13. exf6 gxf6 14. O-O Rg8 15. Kh2
Nf5 16. Ng1 e5 17. dxe5 fxe5 18. Ndf3 Qd6 19. Re1 Bg7 20. Qc2 Rgf8 21. Bd2 Nb3
22. Rbd1 Nc5 23. Rf1 Nd3 24. Ne1 e4 25. Nxd3 cxd3 26. Qc1 Be6 27. Be1 Rg8 28.
Bxf5 Bxf5 29. f4 Bf6 30. Bf2 Rge8 31. Be3 Bg4 32. Rde1 Bxh5 33. a4 Kb8 34. Qd2
d4 35. cxd4 Bxd4 36. Nh3 Be2 37. Rf2 Qc5 38. Bxd4 Qxd4 39. Rfxe2 dxe2 40. Qxe2
e3 41. Qh5 Qxb2+ 42. Re2 Qxe2+ 0-1

[Event "CAMPEONATO CONTINENTAL ABSOLUT"]
[Site "Hotel Torre de Cali, Cali, Co"]
[Date "2007.07.13"]
[Round "4.30"]
[White "Arenas, David"]
[Black "Beltran, Carlos"]
[Result "1/2-1/2"]
[WhiteElo "2081"]
[BlackElo "2272"]
[PlyCount "48"]
[EventDate "2007.07.10"]

1. e4 c6 2. d4 d5 3. e5 Bf5 4. Nf3 e6 5. Be2 c5 6. O-O Ne7 7. dxc5 Nec6 8. c4
Bxc5 9. cxd5 exd5 10. Qb3 Qd7 11. Rd1 d4 12. Nc3 O-O 13. Na4 Be7 14. Bb5 Bg4
15. h3 Bxf3 16. Qxf3 Nxe5 17. Qe2 Nbc6 18. Qxe5 Nxe5 19. Bxd7 Nxd7 20. Rxd4 Nf6
21. Bg5 h6 22. Bh4 Rfd8 23. Rad1 Rxd4 24. Rxd4 Rd8 1/2-1/2

[Event "CAMPEONATO CONTINENTAL ABSOLUT"]
[Site "Hotel Torre de Cali, Cali, Co"]
[Date "2007.07.13"]
[Round "4.31"]
[White "Pena, Alfredo"]
[Black "Jukemura, Rodrigo"]
[Result "1-0"]
[WhiteElo "2248"]
[BlackElo "2017"]
[PlyCount "93"]
[EventDate "2007.07.10"]

1. e4 c5 2. Nf3 Nc6 3. Bb5 d6 4. O-O Bd7 5. Re1 Nf6 6. c3 a6 7. Bf1 Bg4 8. h3
Bxf3 9. Qxf3 g6 10. a4 Bg7 11. d3 O-O 12. g3 Nd7 13. Qe2 b5 14. Bg2 Rb8 15. e5
Qc7 16. axb5 axb5 17. e6 fxe6 18. Qxe6+ Kh8 19. f4 Rbe8 20. Na3 Nd8 21. Qb3 b4
22. Nc4 bxc3 23. bxc3 e6 24. Ra6 Nf7 25. Qa3 d5 26. Nd2 Nd6 27. c4 Nf5 28. Nf1
dxc4 29. dxc4 Bd4+ 30. Kh2 e5 31. Ra7 Qd6 32. Qa4 Nb6 33. Qb3 Nc8 34. Ra2 Qb6
35. Qd1 Ncd6 36. Bd5 Bc3 37. Ree2 Nd4 38. Rxe5 Qb1 39. Rg2 Rxe5 40. fxe5 N6f5
41. Rf2 Nb3 42. Rf3 Qa2+ 43. Kh1 Nxc1 44. Rxc3 Ne2 45. Rd3 Nfd4 46. e6 Qa7 47.
Re3 1-0

[Event "CAMPEONATO CONTINENTAL ABSOLUT"]
[Site "Hotel Torre de Cali, Cali, Co"]
[Date "2007.07.13"]
[Round "4.32"]
[White "Juarez Flores, Roberto"]
[Black "Ruiz, Pablo"]
[Result "0-1"]
[WhiteElo "2177"]
[BlackElo "2247"]
[PlyCount "98"]
[EventDate "2007.07.10"]

1. d4 d5 2. c4 e6 3. Nf3 Nf6 4. Nc3 c6 5. Bg5 Be7 6. e3 Nbd7 7. Qc2 O-O 8.
O-O-O a6 9. Kb1 Re8 10. Rc1 dxc4 11. Bxc4 Nd5 12. Bxe7 Qxe7 13. Nxd5 exd5 14.
Bd3 Nf8 15. Ne5 Be6 16. h3 f6 17. Nf3 a5 18. g4 a4 19. Rhg1 Bf7 20. Nh4 g6 21.
Nf3 g5 22. h4 Bg6 23. hxg5 Bxd3 24. Qxd3 fxg5 25. Ne5 Nd7 26. f4 a3 27. b3 Rf8
28. Rcf1 Nf6 29. fxg5 Ne4 30. g6 Rxf1+ 31. Rxf1 hxg6 32. Qc2 Rf8 33. Rxf8+ Qxf8
34. Qg2 Qb4 35. Nd3 Qe7 36. b4 Nd6 37. Qg3 Nc4 38. g5 Nxe3 39. b5 cxb5 40. Qe5
Qxe5 41. dxe5 Nc4 42. e6 d4 43. Kc2 Kf8 44. Nf4 Ne5 45. Kb3 d3 46. Nd5 d2 47.
Kc2 Nc4 48. Nf4 b4 49. e7+ Ke8 0-1

[Event "CAMPEONATO CONTINENTAL ABSOLUT"]
[Site "Hotel Torre de Cali, Cali, Co"]
[Date "2007.07.13"]
[Round "4.33"]
[White "Cardona, Fabio"]
[Black "Castro, Oscar H"]
[Result "0-1"]
[WhiteElo "2152"]
[BlackElo "2390"]
[PlyCount "73"]
[EventDate "2007.07.10"]

1. b3 Nf6 2. Bb2 g6 3. Nf3 Bg7 4. e3 O-O 5. c4 c5 6. Be2 Nc6 7. O-O e6 8. d3 b6
9. a3 Bb7 10. Nbd2 d6 11. Qc2 Rc8 12. Rfe1 e5 13. Bf1 Ne8 14. g3 f5 15. Bg2 Nc7
16. Nf1 Ne6 17. N3d2 Qd7 18. f4 g5 19. fxg5 Nxg5 20. Qd1 f4 21. Qh5 f3 22. Nxf3
Nxf3+ 23. Bxf3 Rxf3 24. Qxf3 Nd4 25. Qh5 Nf3+ 26. Kf2 Rf8 27. e4 d5 28. cxd5
Qb5 29. Kg2 Qxd3 30. Rac1 Qxb3 31. Re2 Ba6 32. Rf2 Qd3 33. Rxf3 Qe2+ 34. Kg1
Rxf3 35. Qe8+ Rf8 36. Qe6+ Kh8 37. Bxe5 0-1